Geography Quiz

Random Geography or State Quiz
Score 0/7 Timer 01:00
0 Plays Today
State % Correct
Alaska
92.1%
Maine
91.8%
Michigan
87.6%
Washington
82.4%
New York
79.9%
Minnesota
75.6%
New Hampshire
70.7%
Come Together.
Have Fun.
All Virtual.
We all need to come together. Play Sporcle's virtual live trivia to have fun, connect with people, and get your trivia on. Join a live hosted trivia game for your favorite pub trivia experience done virtually. If a virtual private party is more your thing, go here for details.

You're not logged in!

Compare scores with friends on all Sporcle quizzes.
OR
Log In

Sporcle TV

Today on Sporcle TV


Watch our educational content, quiz creation guides, and fun videos on Sporcle TV.

Show Comments

Extras

Created Feb 15, 2011ReportNominate
Tags:Canada Quiz, State Quiz, due, north

Top Quizzes Today


Score Distribution

Paid Content

Your Account Isn't Verified!

In order to create a playlist on Sporcle, you need to verify the email address you used during registration. Go to your Sporcle Settings to finish the process.

Report this User

Report this user for behavior that violates our Community Guidelines.

Details: